Ewige Tabelle österreichische Bundesliga - Statistiken

Allgemein
  • Dieses Quiz wurde 581 mal gespielt
    199 seit der letzten Aktualisierung
  • Das Durchschnittsergebnis liegt bei 16 aus 40
Antwortstatistiken
Platz Verein Punkte % Korrekt
3 FC Red Bull Salzburg 2744
99%
2 SK Rapid Wien 3030
99%
1 FK Austria Wien 3103
97%
4 SK Puntigamer Sturm Graz 2631
92%
7 LASK 1532
78%
12 RZ Pellets WAC 592
76%
5 FC Wacker Innsbruck 1895
74%
8 Grazer AK 1902 1314
69%
26 SK Austria Klagenfurt 140
67%
9 SV Guntamatic Ried 988
61%
6 FC Flyeralarm Admira 1747
54%
24 WSG Tirol 198
54%
25 SKN St. Pölten 151
53%
14 CASHPOINT SCR Altach 517
51%
18 TSV Egger Glas Hartberg 279
50%
15 First Vienna FC 1894 420
49%
23 VSE St. Pölten 210
48%
27 SC Austria Lustenau 138
44%
21 Casino SW Bregenz 223
37%
11 SV Mattersburg 613
37%
20 SC Wiener Neustadt 234
31%
13 Wiener Sport-Club 577
28%
34 Kremser SC 61
27%
38 1. Simmeringer SC 13
25%
19 SK BMD Vorwärts Steyr 255
25%
29 SV Grödig 126
23%
16 FC Kärnten 405
22%
17 SK Austria Kelag Kärnten 371
19%
31 DSV Leoben 101
16%
35 FC Union Wels 44
16%
22 SC Eisenstadt 218
12%
30 VfB Mödling 106
12%
32 FC Blau-Weiß Linz 70
9%
10 FC Linz 725
7%
39 Salzburger AK 1914 7
7%
33 Favoritner AC 61
5%
28 KSV 1919 130
4%
36 SV Spittal/Drau 33
4%
37 SV St. Veit/Glan 28
4%
35 SC Neusiedl am See 33
2%
Keine übereinstimmenden Quizze gefunden
Verteilung der Resultate
Anzahl Personen mit jedem Resultat
Perzentil nach korrekt beantworteten Fragen
Ihre Resultats-Entwicklung
Sie haben dieses Quiz seit der letzten Aktualisierung nicht gespielt